Statistiche per Paesi con le coste più lunghe

Clicka qui per fare il quiz!

Statistiche generali

  • Questo quiz è stato fatto 1,228 volte
  • Il punteggio medio è 17 su 20

Statistiche sulle risposte

Chilometri Paese % Corretto
202,080Canada
98%
37,653Russia
98%
19,924Stati Uniti
98%
25,760Australia
97%
7,491Brasile
96%
7,600Italia
95%
14,500Cina
93%
7,000India
92%
6,435Cile
92%
29,751Giappone
92%
9,330Messico
89%
25,148Norvegia
87%
54,716Indonesia
87%
15,134Nuova Zelanda
83%
12,429Regno Unito
83%
13,676Grecia
72%
7,200Turchia
67%
7,314Danimarca
64%
36,289Filippine
63%
7,368Croazia
31%

Distribuzione punteggi

Percentile per numero di risposta

Percentuale di utenti per punteggio

I tuoi punteggi nel tempo

Non hai fatto questo quiz